Entrepreneurship for scientists and engineers (Record no. 174982)

MARC details
000 -LEADER
fixed length control field 00730nam a2200241Ia 4500
008 - FIXED-LENGTH DATA ELEMENTS--GENERAL INFORMATION
fixed length control field 191130s2010##################000#0#eng##
020 ## - INTERNATIONAL STANDARD BOOK NUMBER
ISBN 9780132357272
082 ## - DEWEY DECIMAL CLASSIFICATION NUMBER
Classification number 620.0068 ALL
100 ## - MAIN ENTRY--AUTHOR NAME
Personal name Allen, Kathleen R
245 ## - TITLE STATEMENT
Title Entrepreneurship for scientists and engineers
Statement of responsibility, etc Kathleen Allen
260 ## - PUBLICATION, DISTRIBUTION, ETC. (IMPRINT)
Place of publication Upper Saddle River, NJ
Name of publisher Prentice Hall
Year of publication 2010
300 ## - PHYSICAL DESCRIPTION
Number of Pages xii, 244 p. : ill. ; 23 cm
500 ## - GENERAL NOTE
General note Includes bibliographical references and index
650 ## - SUBJECT ADDED ENTRY--TOPICAL TERM
Topical Term Business planning
Topical Term Engineering firms - Management
Topical Term Entrepreneurship
Topical Term Science
991 ## -
-- 84272
Holdings
Withdrawn status Lost status Damaged status Not for loan Home library Current library Shelving location Date acquired Full call number Accession Number Price effective from Koha item type
        Anna Centenary Library Anna Centenary Library 6TH FLOOR, A WING 13.10.2020 620.0068 ALL 296497 13.10.2020 English Books

Find us on the map